000 00371nam a22001577a 4500
005 20160916114716.0
008 160916b xxu||||| |||| 00| 0 eng d
020 _a81-7008-791-0
041 _aeng
100 _aPUNMIA,DR. B. C
_93585
245 _aSOIL MECHANICS AND FOUNDATION
260 _bLAXHMI
_c2015
300 _a910
650 _aENGINEERING
_93586
942 _cBK
999 _c5260
_d5258